00969nam a22002297a 4500003000500000005001700005008004100022010001100063011001100074035001100085040000900096100004800105245023100153260004000384500006000424502008400484650002500568650001400593650002300607700004500630856006400675CHAP20220329143752.0110801s2011 mx r 00010 spa d a101668 a102640 a113329 cCHAP1 aZúñiga Hernández, Araceli Rosa Elena.10aCaracterización fisicoquímica y cuantificación de ácido ascórbico en jamaicas Méxicanas ( Hibiscus sabdariffa L.)h[En línea]c/por Araceli Rosa Elena Zuñiga Hernández y Luis Bartolomé Jiménez de la Torre aChapingo, Méx. :bEl autor,c2011 aPara ver el contenido del material haga clic en la liga aTesis (Ing. Agroindustrial) -- UACH. Departamento de Ingenería Agroindustrial14aExtractos vegetales.14aHibiscus.14aJamaicaxMéxico.1 aJiménez de la Torre, Luis Bartolomé. 3Finding aiduhttp://10.13.5.2/tesis/113329.pdfzTeclea aqui